| 000 | 01073nam a22003257a 4500 | ||
|---|---|---|---|
| 003 | CHAP | ||
| 005 | 20220329135213.0 | ||
| 008 | 971013s1977 r 00010 d | ||
| 010 | _a32562 | ||
| 011 | _a33534 | ||
| 035 | _a37650 | ||
| 040 | _cCHAP | ||
| 082 |
_a574.0151 _bM3 |
||
| 100 | 0 | 0 |
_aMatthews, David E. _973073 |
| 245 | _aMathematics and the life sciences | ||
| 260 |
_aBerlin : _bSpringer-Verlag, _c1977 |
||
| 300 | _a385 p | ||
| 490 |
_aLecture notes in biomathematics _v; 18 |
||
| 590 |
_aBATCH-UPD _b10 _c20130109 _lUCH01 _h2356 |
||
| 590 |
_aBATCH-UPD _b10 _c20130110 _lUCH01 _h2137 |
||
| 590 |
_aBATCH-UPD _b10 _c20130409 _lUCH01 _h1930 |
||
| 590 |
_aBATCH-UPD _b10 _c20130914 _lUCH01 _h0635 |
||
| 590 |
_aCONVERSION _b10 _c20130109 _lUCH01 _h1318 |
||
| 650 | 1 | 4 |
_aBiomatemática. _912827 |
| 830 | 0 |
_aLecture notes in biomathematics _v; 18 _965525 |
|
| 901 | _aBK | ||
| 942 | _cLIBRO | ||
| 949 |
_a574.0151 M3 _bBC _cLIBRO _d33724000508263 _eLIBRO _h55150 _i37650 _si _t702.00 |
||
| 949 |
_a574.0151 M3 _bBC _cLIBRO _d33724000508271 _eLIBRO _fc.2 _h55151 _i37650 _si _t702.00 |
||
| 999 |
_c32562 _d32562 |
||